[Event "MCech mladeze 2018 - HD14"]
[Site "Harrachov"]
[Date "2018.11.02"]
[Round "8"]
[White "Soucek, Petr"]
[Black "Matejicek, Vojtech"]
[Result "1-0"]
[WhiteElo "1497"]
[BlackElo "1588"]
[PlyCount "119"]
[EventDate "2018.10.27"]

1. e4 c5 2. Nf3 Nc6 3. d4 cxd4 4. Nxd4 e5 5. Nb5 d6 6. N1c3 a6 7. Na3 b5 8. Nd5
Nge7 9. Bg5 h6 10. Qh5 Nd4 11. c3 Ne6 12. Bxe7 Bxe7 13. g3 Nc5 14. Qe2 O-O 15.
Bg2 Bb7 16. O-O Rc8 17. Rfd1 Bc6 18. Rac1 Bd7 19. h4 f5 20. exf5 Bxf5 21. c4
Bd7 22. cxb5 axb5 23. Nxb5 Rb8 24. Nxe7+ Qxe7 25. Nxd6 Ne6 26. Qxe5 Rf6 27. Nf5
Qf8 28. Nxh6+ Rxh6 29. Rxd7 Rf6 30. Bd5 Re8 31. Qd6 Kh8 32. Bxe6 Rfxe6 33.
Qxf8+ Rxf8 34. Rd2 Ra8 35. b4 Rb6 36. Rb2 Rba6 37. Ra1 Kh7 38. b5 Rb6 39. a4
Ra5 40. Rb4 Kh6 41. Rc1 Rxa4 42. Rxa4 Rxb5 43. Kg2 Rb2 44. g4 Rb5 45. Kg3 Rb2
46. Ra5 Rb3+ 47. f3 Rb4 48. h5 Rb3 49. Rc6+ Kh7 50. h6 Kg8 51. hxg7 Rb8 52. Ra7
Re8 53. Rf6 Rd8 54. Rf8+ Rxf8 55. gxf8=Q+ Kxf8 56. Kf4 Kg8 57. Kf5 Kf8 58. Ke6
Kg8 59. Kf6 Kh8 60. Kg6 1-0

[Event "MCech mladeze 2018 - HD14"]
[Site "Harrachov"]
[Date "2018.11.02"]
[Round "8"]
[White "Langmajer, Jan"]
[Black "Habenicht, Martin"]
[Result "0-1"]
[WhiteElo "1464"]
[BlackElo "1729"]
[PlyCount "84"]
[EventDate "2018.10.27"]

1. e4 d5 2. exd5 Nf6 3. d4 Bg4 4. f3 Bf5 5. c4 e6 6. dxe6 Nc6 7. exf7+ Kxf7 8.
Bd3 Bb4+ 9. Nc3 Re8+ 10. Kf1 Qxd4 11. Bxf5 Qxd1+ 12. Nxd1 Re1+ 13. Kf2 Rxd1 14.
Bc2 Bc5+ 15. Kg3 Rxg1 16. Rxg1 Bxg1 17. Bg5 Bd4 18. Rd1 Rd8 19. Re1 h6 20. Bc1
Nb4 21. Bf5 Re8 22. Rd1 Nxa2 23. Bd2 Bc5 24. Ra1 Re2 25. Bxh6 gxh6 26. Rxa2 Bd4
27. Bc8 Rxb2 28. Rxb2 Bxb2 29. Bxb7 a5 30. Bc6 Ke6 31. Kh4 Kd6 32. Bb5 Bc1 33.
Kg3 Nd7 34. Kf2 Nc5 35. Ke2 a4 36. Kd1 Bb2 37. Kc2 a3 38. Kb1 c6 39. g4 cxb5
40. cxb5 Nd3 41. h4 Nb4 42. f4 Bc3 0-1

[Event "MCech mladeze 2018 - HD14"]
[Site "Harrachov"]
[Date "2018.11.02"]
[Round "8"]
[White "Juchelka, Marek"]
[Black "Bauer, Jan"]
[Result "1/2-1/2"]
[WhiteElo "1453"]
[BlackElo "1620"]
[PlyCount "58"]
[EventDate "2018.10.27"]

1. e4 e6 2. d4 d5 3. exd5 exd5 4. Bd3 c5 5. c3 Nf6 6. Nf3 Bd6 7. dxc5 Bxc5 8.
O-O O-O 9. Nbd2 Bg4 10. Qc2 Nc6 11. b3 Rc8 12. h3 Bh5 13. b4 Bb6 14. Ba3 Nd4
15. Nxd4 Bxd4 16. Bb2 Bxc3 17. Bxc3 d4 18. Ne4 Nxe4 19. Bxe4 Rxc3 20. Qb1 Bg6
21. Bxg6 fxg6 22. Qe4 Qd7 23. Rad1 d3 24. Rd2 Re8 25. Qf3 b6 26. Rfd1 Rd8 27.
Qe3 Qd6 28. Qe4 b5 29. Kh1 a6 1/2-1/2

[Event "MCech mladeze 2018 - HD14"]
[Site "Harrachov"]
[Date "2018.11.02"]
[Round "8"]
[White "Papousek, Michal"]
[Black "Ocenasek, Jan"]
[Result "1-0"]
[WhiteElo "1587"]
[BlackElo "1391"]
[PlyCount "95"]
[EventDate "2018.10.27"]

1. c4 e5 2. Nc3 Nf6 3. g3 Nc6 4. Bg2 Bc5 5. e3 O-O 6. Nge2 d6 7. O-O a6 8. d4
Ba7 9. a3 Bd7 10. b4 Rb8 11. Qd3 Qc8 12. d5 Ne7 13. a4 h6 14. e4 Nh7 15. Be3
Bxe3 16. fxe3 Nf6 17. Rfc1 Ne8 18. Rab1 b6 19. a5 bxa5 20. bxa5 Ng6 21. Na2 Ne7
22. Qc2 Nf6 23. Nb4 Rb7 24. c5 dxc5 25. Qxc5 Ng6 26. Nc6 Bxc6 27. Qxc6 Rxb1 28.
Rxb1 Rd8 29. Rb7 Ne8 30. Qxa6 Nd6 31. Ra7 Qxa6 32. Rxa6 Ne7 33. Ra7 Rc8 34. Bh3
Rb8 35. Rxc7 Ng6 36. Bf5 Rb2 37. Kf1 Ra2 38. Rc6 Nxf5 39. exf5 Ne7 40. Rc5 Nxf5
41. Kf2 e4 42. g4 Nd6 43. Rc6 Nb5 44. d6 Nxd6 45. Rxd6 Rxa5 46. Rd4 f5 47. gxf5
Rxf5+ 48. Kg2 1-0

[Event "MCech mladeze 2018 - HD14"]
[Site "Harrachov"]
[Date "2018.11.02"]
[Round "8"]
[White "Jirasko, Miroslav"]
[Black "Strnadova, Monika"]
[Result "0-1"]
[WhiteElo "1250"]
[BlackElo "1532"]
[EventDate "2018.10.27"]
[PlyCount "80"]

1. e4 c5 2. Nc3 Nc6 3. Bb5 Nf6 4. d3 g6 5. f4 d6 6. Bxc6+ bxc6 7. Nf3 Bg7 8.
O-O O-O 9. Qe1 Bg4 10. Qh4 Qd7 11. f5 Rad8 12. Bh6 Rb8 13. Ng5 Bh5 14. Bxg7
Kxg7 15. b3 Rh8 16. h3 h6 17. g4 hxg5 18. Qxg5 Qc7 19. gxh5 Rxh5 20. Qg3 Rbh8
21. Kg2 Rxh3 22. Qxh3 Rxh3 23. Kxh3 Nh5 24. fxg6 fxg6 25. Rf3 Qd7+ 26. Kh2 Qe6
27. Kg2 Qe5 28. Raf1 Qxc3 29. Rf7+ Kh6 30. R1f2 Qe5 31. R2f3 Qg5+ 32. Kh2 e5
33. Rf2 Nf4 34. Rxa7 Qh4+ 35. Kg1 Nh3+ 36. Kg2 Nxf2 37. a4 Ng4 38. a5 Qf2+ 39.
Kh3 Kg5 40. a6 Qh2# 0-1

[Event "MCech mladeze 2018 - HD14"]
[Site "Harrachov"]
[Date "2018.11.02"]
[Round "8"]
[White "Bednar, Milos"]
[Black "Pecka, Jan"]
[Result "0-1"]
[WhiteElo "1301"]
[BlackElo "1515"]
[PlyCount "80"]
[EventDate "2018.10.27"]

1. e4 c5 2. Nf3 d6 3. d4 cxd4 4. Nxd4 Nf6 5. Nc3 g6 6. Bc4 Bg7 7. Be3 O-O 8.
Qd2 Ng4 9. O-O-O Nxe3 10. Qxe3 Nc6 11. Nb3 Ne5 12. Be2 Be6 13. f3 Nc4 14. Bxc4
Bxc4 15. g4 b5 16. h4 a5 17. Nd2 Qc7 18. h5 b4 19. Nd5 Bxd5 20. exd5 Rfc8 21.
Qd3 a4 22. hxg6 hxg6 23. f4 Ra5 24. Kb1 Rxd5 25. Qe4 a3 26. Nb3 Rxd1+ 27. Rxd1
Bxb2 28. f5 Bg7 29. fxg6 Qc3 30. gxf7+ Kf8 31. Kc1 Bh6+ 32. Rd2 Bxd2+ 33. Nxd2
Qa1+ 34. Nb1 Qb2+ 35. Kd2 b3 36. Nxa3 bxa2 37. Qg6 Qg7 38. Qe6 Qc3+ 39. Ke2
Qe5+ 40. Qxe5 dxe5 0-1

[Event "MCech mladeze 2018 - HD14"]
[Site "Harrachov"]
[Date "2018.11.02"]
[Round "8"]
[White "Kotal, Vit"]
[Black "Trasakova, Adela"]
[Result "0-1"]
[WhiteElo "1514"]
[BlackElo "1293"]
[PlyCount "74"]
[EventDate "2018.10.27"]

1. e4 e5 2. Nf3 Nf6 3. Nc3 Nc6 4. d3 d6 5. Be2 Be7 6. h3 h6 7. Be3 O-O 8. Qd2
d5 9. exd5 Nxd5 10. O-O-O Nxe3 11. Qxe3 Bg5 12. Nxg5 Qxg5 13. Qxg5 hxg5 14. Ne4
Nd4 15. Bf1 f6 16. c3 Nc6 17. Be2 b6 18. g4 Bb7 19. h4 gxh4 20. Rxh4 Ne7 21.
Bf3 Ng6 22. Rh2 Rab8 23. d4 exd4 24. Rxd4 Ne5 25. Bd1 c5 26. Bb3+ Nf7 27. Nxf6+
gxf6 28. Rd7 Kg7 29. Bc2 Bc6 30. Rc7 Bd5 31. Rh5 Rb7 32. Rxb7 Bxb7 33. f4 Rh8
34. Kd2 Rxh5 35. gxh5 Bf3 36. Bg6 Nd6 37. Ke3 Bg4 0-1

[Event "MCech mladeze 2018 - HD14"]
[Site "Harrachov"]
[Date "2018.11.02"]
[Round "8"]
[White "Svacina, Tobias"]
[Black "Bruna, Matous"]
[Result "1-0"]
[WhiteElo "1412"]
[BlackElo "1505"]
[EventDate "2018.10.27"]
[PlyCount "63"]

1. e4 c5 2. Nf3 Nc6 3. d4 cxd4 4. Nxd4 Nf6 5. Nc3 g6 6. Be2 Bg7 7. Be3 Qa5 8.
Nb3 Qd8 9. f4 d6 10. g4 e6 11. g5 Ng8 12. Qd2 a5 13. Nd4 Nge7 14. Ndb5 d5 15.
exd5 Nxd5 16. Nxd5 exd5 17. Qxd5 Qxd5 18. Nc7+ Kf8 19. Nxd5 Bxb2 20. Rd1 Bf5
21. O-O Kg7 22. Nb6 Rad8 23. Nc4 Bd4 24. Bxd4+ Nxd4 25. Bd3 Bxd3 26. cxd3 Nc6
27. Rb1 Rxd3 28. Rxb7 Nb4 29. Ne5 Re3 30. Rxf7+ Kg8 31. Ra7 Kf8 32. Rc1 1-0

[Event "MCech mladeze 2018 - HD14"]
[Site "Harrachov"]
[Date "2018.11.02"]
[Round "8"]
[White "Vestfal, Jan"]
[Black "Podlipsky, Petr"]
[Result "1-0"]
[WhiteElo "1593"]
[BlackElo "1460"]
[EventDate "2018.10.27"]
[PlyCount "61"]

1. e4 c5 2. c3 g6 3. d4 cxd4 4. cxd4 Bg7 5. Nc3 d6 6. Bc4 Nc6 7. Nf3 Bg4 8.
Bxf7+ Kxf7 9. Ng5+ Ke8 10. Qxg4 Nxd4 11. O-O Nf6 12. Qd1 Qb6 13. Be3 e5 14. Ne6
Kf7 15. Nxd4 exd4 16. Bxd4 Qc6 17. Qf3 Rhe8 18. Rfe1 Re6 19. Nd5 Rae8 20. Nc3
b6 21. Qf4 Kg8 22. b3 Nh5 23. Qd2 Nf6 24. Rac1 Qb7 25. Nb5 R8e7 26. Rc2 d5 27.
e5 Ne8 28. f4 g5 29. f5 Rxe5 30. Bxe5 Bxe5 31. Qxg5+ 1-0

[Event "MCech mladeze 2018 - HD14"]
[Site "Harrachov"]
[Date "2018.11.02"]
[Round "8"]
[White "Machacek, Jan"]
[Black "Semova, Lada"]
[Result "1-0"]
[WhiteElo "1462"]
[BlackElo "1300"]
[EventDate "2018.10.27"]
[PlyCount "120"]

1. Nf3 d5 2. g3 Nf6 3. Bg2 e6 4. d3 b6 5. O-O Bb7 6. Nbd2 Be7 7. e4 dxe4 8. Ng5
O-O 9. Ndxe4 Nc6 10. b3 Rb8 11. Bb2 Re8 12. Re1 Nxe4 13. Nxe4 Qd7 14. Qg4 g6
15. Qf4 f5 16. Nd2 Bd6 17. Qh4 Qf7 18. Nc4 Bf8 19. Bxc6 Bxc6 20. Ne5 Qg7 21.
Nxc6 Qxb2 22. Nxb8 Rxb8 23. Qc4 Re8 24. Rxe6 Rxe6 25. Re1 Qf6 26. Qxe6+ Qxe6
27. Rxe6 Kf7 28. Re2 Bc5 29. Kg2 Kf6 30. h3 h5 31. f3 g5 32. g4 fxg4 33. fxg4
h4 34. Kf3 b5 35. Re8 Kf7 36. Re5 Bb6 37. Rxg5 a6 38. Rh5 Kg6 39. Rxh4 c5 40.
Rh8 b4 41. h4 a5 42. Rc8 Kg7 43. h5 Kh7 44. Rc6 Bd8 45. Rxc5 Kh6 46. d4 Kg7 47.
d5 Kf6 48. c4 Kf7 49. d6 Ke6 50. Rd5 Kd7 51. g5 Ke6 52. h6 Kf7 53. h7 Kg7 54.
g6 Kh8 55. d7 Kg7 56. Re5 Bf6 57. Re6 Bd8 58. Re8 Bc7 59. h8=Q+ Kxg6 60. Re6+
Kf5 1-0

[Event "MCech mladeze 2018 - HD14"]
[Site "Harrachov"]
[Date "2018.11.03"]
[Round "9"]
[White "Brozka, Karel"]
[Black "Rokos, Filip"]
[Result "1-0"]
[WhiteElo "1717"]
[BlackElo "1962"]
[PlyCount "61"]
[EventDate "2018.10.27"]

1. d4 Nf6 2. g3 e6 3. Bg2 d5 4. Nf3 Be7 5. O-O b5 6. c3 Bb7 7. a4 b4 8. Ne5
bxc3 9. Nxc3 O-O 10. Bg5 Nbd7 11. f4 c5 12. e3 Ne4 13. Nxe4 dxe4 14. Bxe7 Qxe7
15. Nxd7 Qxd7 16. dxc5 Qe7 17. Qc2 Rac8 18. Rac1 Ba6 19. Rfd1 Bd3 20. Qc3 Rfd8
21. b4 g5 22. Rd2 Rd5 23. c6 gxf4 24. gxf4 Qh4 25. Bh1 e5 26. Rg2+ Kf8 27. b5
exf4 28. Qb4+ Qe7 29. Rg8+ Kxg8 30. Qxe7 f3 31. Kf2 1-0

[Event "MCech mladeze 2018 - HD14"]
[Site "Harrachov"]
[Date "2018.11.03"]
[Round "9"]
[White "Jares, Michal"]
[Black "Prochazka, Vojtech"]
[Result "1-0"]
[WhiteElo "1893"]
[BlackElo "1601"]
[PlyCount "105"]
[EventDate "2018.10.27"]

1. d4 d5 2. Nf3 Nf6 3. g3 e6 4. Bg2 b5 5. O-O Bb7 6. a4 b4 7. Ne5 Nbd7 8. c4
bxc3 9. Nxc3 Be7 10. a5 a6 11. Qa4 c5 12. Be3 O-O 13. Nxd7 Nxd7 14. Qb3 cxd4
15. Bxd4 Bc6 16. Na4 Rb8 17. Qc3 Bxa4 18. Rxa4 Bf6 19. Bxf6 Nxf6 20. Rb4 Rxb4
21. Qxb4 Qb8 22. Qxb8 Rxb8 23. Rb1 Kf8 24. e3 Ne4 25. Bxe4 dxe4 26. b4 Ke7 27.
f3 exf3 28. Kf2 Kd6 29. Kxf3 Rb7 30. Ke4 Kc6 31. Kd4 Kb5 32. Ke5 Rc7 33. Kd6
Rc3 34. Rf1 f6 35. Kxe6 Rxe3+ 36. Kf7 Kxb4 37. Kxg7 Kxa5 38. Rxf6 Kb5 39. Kxh7
a5 40. Rf8 Re7+ 41. Kg6 a4 42. h4 a3 43. Rb8+ Kc4 44. Ra8 Kb3 45. g4 a2 46.
Rxa2 Kxa2 47. h5 Re8 48. g5 Kb3 49. h6 Kc4 50. Kf7 Rc8 51. h7 Kd5 52. Kf6 Kd6
53. g6 1-0

[Event "MCech mladeze 2018 - HD14"]
[Site "Harrachov"]
[Date "2018.11.03"]
[Round "9"]
[White "Dudek, Vojtech"]
[Black "Flajsman, Petr"]
[Result "1/2-1/2"]
[WhiteElo "2002"]
[BlackElo "1751"]
[PlyCount "88"]
[EventDate "2018.10.27"]

1. Nf3 Nf6 2. b3 g6 3. Bb2 Bg7 4. e3 O-O 5. Be2 d5 6. d4 c5 7. O-O Nc6 8. Nbd2
cxd4 9. Nxd4 Re8 10. N2f3 Ne4 11. Nxc6 bxc6 12. Bxg7 Kxg7 13. c4 Bb7 14. cxd5
cxd5 15. Bb5 Rf8 16. Bd3 Nd6 17. Rc1 Qa5 18. Bb1 Rfe8 19. Qd4+ f6 20. Rc5 Qb6
21. Rfc1 Rac8 22. Rxc8 Rxc8 23. Rxc8 Nxc8 24. Qxb6 axb6 25. Nd4 Nd6 26. Ne6+
Kf7 27. Nd8+ Ke8 28. Nxb7 Nxb7 29. Bd3 Kd7 30. Kf1 Kd6 31. Ke2 Nc5 32. Kd2 e5
33. Kc3 Kc6 34. Bc2 Nb7 35. a4 Kc5 36. b4+ Kc6 37. Bd3 Nd6 38. h4 f5 39. f4
exf4 40. exf4 Nf7 41. Kd4 Kd6 42. g3 Nd8 43. Bb5 Ne6+ 44. Ke3 Nc7 1/2-1/2

[Event "MCech mladeze 2018 - HD14"]
[Site "Harrachov"]
[Date "2018.11.03"]
[Round "9"]
[White "Hak, David"]
[Black "Ocelak, Jakub"]
[Result "1/2-1/2"]
[WhiteElo "1946"]
[BlackElo "1472"]
[PlyCount "114"]
[EventDate "2018.10.27"]

1. e4 e6 2. d4 d5 3. exd5 exd5 4. c4 Nf6 5. Nf3 Bb4+ 6. Bd2 Bxd2+ 7. Qxd2 Ne4
8. Qf4 Qe7 9. Qe5 Qxe5 10. dxe5 dxc4 11. Bxc4 Nc5 12. O-O Be6 13. Bxe6 Nxe6 14.
Nc3 Nc6 15. Nd5 O-O-O 16. Rfd1 Rd7 17. Rd2 Rhd8 18. Rad1 Ned4 19. Nxd4 Rxd5 20.
Nf3 Rxd2 21. Rxd2 Rxd2 22. Nxd2 Nxe5 23. Kf1 Nd3 24. b3 Kd7 25. a3 Kc6 26. Ke2
Nc5 27. Ke3 Kd5 28. f3 a5 29. h3 b5 30. g3 c6 31. h4 Ne6 32. Nb1 c5 33. Nc3+
Kc6 34. Kd3 Nd4 35. b4 axb4 36. axb4 Nxf3 37. bxc5 Kxc5 38. Ne4+ Kc6 39. Ke3
Ne5 40. Kd4 Nd7 41. Ng5 b4 42. Kc4 Ne5+ 43. Kxb4 h6 44. Nh3 Kd5 45. Kc3 Ke4 46.
Nf4 Kf3 47. Kd4 Ng4 48. Kd3 Kxg3 49. Nh5+ Kxh4 50. Nxg7 Kg5 51. Ne8 h5 52. Nd6
f5 53. Ke2 h4 54. Kf3 h3 55. Nxf5 Kxf5 56. Kg3 h2 57. Kg2 Ke5 1/2-1/2

[Event "MCech mladeze 2018 - HD14"]
[Site "Harrachov"]
[Date "2018.11.03"]
[Round "9"]
[White "Mach, Petr"]
[Black "Soucek, Petr"]
[Result "1-0"]
[WhiteElo "1869"]
[BlackElo "1497"]
[PlyCount "83"]
[EventDate "2018.10.27"]

1. c4 Nf6 2. d4 e6 3. Nc3 Bb4 4. Bd2 O-O 5. Nf3 c5 6. e3 b6 7. Be2 Bb7 8. O-O
d5 9. cxd5 exd5 10. dxc5 bxc5 11. a3 Bxc3 12. Bxc3 Nbd7 13. b4 Ne4 14. Bb2 c4
15. Qd4 Ndf6 16. Rfd1 Qb6 17. Nd2 Qxd4 18. Bxd4 Nxd2 19. Rxd2 Ne4 20. Rdd1 Rfc8
21. a4 a6 22. Bg4 Rc7 23. b5 g6 24. f3 f5 25. fxe4 fxg4 26. exd5 Bxd5 27. Be5
Rd7 28. e4 Be6 29. Rxd7 Bxd7 30. b6 Bc6 31. Rb1 Bb7 32. Rd1 Re8 33. Rd7 Rxe5
34. Rxb7 Rxe4 35. Rc7 g3 36. hxg3 Re1+ 37. Kf2 Rb1 38. b7 c3 39. Rc8+ Kg7 40.
b8=Q Rxb8 41. Rxb8 c2 42. Rc8 1-0

[Event "MCech mladeze 2018 - HD14"]
[Site "Harrachov"]
[Date "2018.11.03"]
[Round "9"]
[White "Ruzicka, Filip"]
[Black "Ret, Adam Josef"]
[Result "1/2-1/2"]
[WhiteElo "1699"]
[BlackElo "1859"]
[PlyCount "38"]
[EventDate "2018.10.27"]

1. e4 c5 2. d4 cxd4 3. c3 Nf6 4. e5 Nd5 5. Nf3 Nc6 6. cxd4 d6 7. Bc4 Nb6 8. Bb5
dxe5 9. Nxe5 Bd7 10. Nxd7 Qxd7 11. Be3 a6 12. Be2 g6 13. Bg4 e6 14. O-O Bg7 15.
Bf3 O-O 16. Nc3 Ne7 17. Qb3 Ned5 18. Rac1 Rac8 19. Ne4 Na4 1/2-1/2

[Event "MCech mladeze 2018 - HD14"]
[Site "Harrachov"]
[Date "2018.11.03"]
[Round "9"]
[White "Habenicht, Martin"]
[Black "Pecka, Jan"]
[Result "0-1"]
[WhiteElo "1729"]
[BlackElo "1515"]
[PlyCount "66"]
[EventDate "2018.10.27"]

1. Nf3 c5 2. c4 Nf6 3. g3 g6 4. Bg2 Bg7 5. O-O O-O 6. Nc3 Nc6 7. d4 cxd4 8.
Nxd4 Nxd4 9. Qxd4 d6 10. e4 Be6 11. Qd3 Qc7 12. Nd5 Nxd5 13. cxd5 Bd7 14. Be3
Bxb2 15. Rab1 Bg7 16. Rfc1 Qb8 17. Bd4 Bxd4 18. Qxd4 Rc8 19. f4 b6 20. e5 Bf5
21. Ra1 Rc5 22. Rxc5 bxc5 23. Qc3 Qb6 24. Kh1 Rb8 25. Bf3 h5 26. Re1 Qb2 27.
Qe3 Qd4 28. Qxd4 cxd4 29. Rd1 d3 30. Rd2 Rc8 31. h3 Rc2 32. Rh2 Rc1+ 33. Kg2 d2
0-1

[Event "MCech mladeze 2018 - HD14"]
[Site "Harrachov"]
[Date "2018.11.03"]
[Round "9"]
[White "Strnadova, Monika"]
[Black "Merinsky, Vaclav"]
[Result "0-1"]
[WhiteElo "1532"]
[BlackElo "1686"]
[PlyCount "70"]
[EventDate "2018.10.27"]

1. d4 Nf6 2. Bf4 g6 3. Nc3 Bg7 4. Qd2 d6 5. e4 O-O 6. O-O-O Nbd7 7. f3 c5 8. d5
a6 9. Bh6 b5 10. h4 b4 11. Na4 Nb6 12. Nxb6 Qxb6 13. Bc4 Bd7 14. h5 Bb5 15.
hxg6 fxg6 16. Bxg7 Kxg7 17. Qh6+ Kg8 18. Bf1 Bxf1 19. Rxf1 c4 20. Nh3 b3 21.
axb3 cxb3 22. c3 Rac8 23. Qd2 Qa5 24. Kd1 Nh5 25. Re1 Ng3 26. Rh2 Rc4 27. Qg5
Rfc8 28. Qxg3 Qa1+ 29. Ke2 Qxb2+ 30. Kf1 Qxc3 31. Nf4 Qxe1+ 32. Kxe1 b2 33.
Nxg6 b1=Q+ 34. Kf2 Rc2+ 35. Ke3 Qc1+ 0-1

[Event "MCech mladeze 2018 - HD14"]
[Site "Harrachov"]
[Date "2018.11.03"]
[Round "9"]
[White "Trasakova, Adela"]
[Black "Papousek, Michal"]
[Result "1/2-1/2"]
[WhiteElo "1293"]
[BlackElo "1587"]
[PlyCount "64"]
[EventDate "2018.10.27"]

1. d4 Nf6 2. Bf4 g6 3. Nf3 Bg7 4. Nbd2 d6 5. e4 O-O 6. c3 c5 7. dxc5 dxc5 8.
Bc4 Nc6 9. O-O a6 10. a4 Nd7 11. Qc2 e5 12. Be3 Qc7 13. Rab1 Na5 14. Be2 c4 15.
b4 cxb3 16. Nxb3 Nxb3 17. Qxb3 Nf6 18. Nd2 Ne8 19. Qb6 f5 20. Bc4+ Kh8 21. Qxc7
Nxc7 22. Bb6 Ne6 23. Rfd1 Ng5 24. Bd5 fxe4 25. Nxe4 Nxe4 26. Bxe4 Bf5 27. Bxf5
gxf5 28. Rd7 e4 29. Bd4 Bxd4 30. cxd4 b5 31. axb5 axb5 32. h3 Rab8 1/2-1/2

[Event "MCech mladeze 2018 - HD14"]
[Site "Harrachov"]
[Date "2018.11.03"]
[Round "9"]
[White "Vaclavik, Jan"]
[Black "Svacina, Tobias"]
[Result "1-0"]
[WhiteElo "1544"]
[BlackElo "1412"]
[PlyCount "39"]
[EventDate "2018.10.27"]

1. d4 f5 2. Nc3 Nf6 3. Bg5 e6 4. e4 h6 5. Bxf6 Qxf6 6. Bd3 Bb4 7. exf5 O-O 8.
Nge2 exf5 9. Qd2 Nc6 10. O-O-O Nxd4 11. Nxd4 Qxd4 12. g4 d6 13. Rhg1 Kh8 14. g5
h5 15. g6 f4 16. Qe2 Qe5 17. Qxe5 dxe5 18. Rg5 Bg4 19. Rg1 Bc5 20. R1xg4 1-0

[Event "MCech mladeze 2018 - HD14"]
[Site "Harrachov"]
[Date "2018.11.03"]
[Round "9"]
[White "Bauer, Jan"]
[Black "Pulpan, Ondrej"]
[Result "1-0"]
[WhiteElo "1620"]
[BlackElo "1571"]
[PlyCount "65"]
[EventDate "2018.10.27"]

1. d4 d5 2. Nf3 Nf6 3. e3 Bf5 4. c4 c6 5. Qb3 Qb6 6. Nc3 e6 7. c5 Qc7 8. Nh4
Bg6 9. Nxg6 hxg6 10. h3 Be7 11. Bd3 Nbd7 12. Qc2 e5 13. Bd2 e4 14. Be2 O-O 15.
g4 Kh7 16. O-O-O Rh8 17. g5 Nh5 18. Bxh5 gxh5 19. Nxe4 Kg8 20. Ng3 Bxg5 21.
Rdg1 Bf6 22. Nf5 g6 23. Rg2 Nf8 24. Rhg1 b6 25. Bb4 b5 26. Nd6 a5 27. Bd2 b4
28. Qd3 Rb8 29. f3 a4 30. e4 dxe4 31. fxe4 Kh7 32. e5 Bg7 33. Rf1 1-0

[Event "MCech mladeze 2018 - HD14"]
[Site "Harrachov"]
[Date "2018.11.03"]
[Round "9"]
[White "Husa, Daniel"]
[Black "Machacek, Jan"]
[Result "1-0"]
[WhiteElo "1605"]
[BlackElo "1462"]
[EventDate "2018.10.27"]
[PlyCount "43"]

1. d4 Nf6 2. Nf3 g6 3. c4 Bg7 4. g3 O-O 5. Bg2 d6 6. Nc3 Nbd7 7. O-O e5 8. e4
Nh5 9. Bg5 f6 10. Be3 Nb6 11. b3 Be6 12. Rc1 f5 13. exf5 Bxf5 14. dxe5 dxe5 15.
Ng5 c6 16. Nge4 Nf6 17. Nxf6+ Bxf6 18. Ne4 Bg7 19. Bg5 Qd4 20. Be3 Qb2 21. Rc2
Bg4 22. Rxb2 1-0

[Event "MCech mladeze 2018 - HD14"]
[Site "Harrachov"]
[Date "2018.11.03"]
[Round "9"]
[White "Martinkova, Magdalena"]
[Black "Vestfal, Jan"]
[Result "0-1"]
[WhiteElo "1395"]
[BlackElo "1593"]
[EventDate "2018.10.27"]
[PlyCount "34"]

1. e4 c5 2. Nf3 e6 3. d4 cxd4 4. Nxd4 Nc6 5. Nc3 Qc7 6. Be3 Nf6 7. f3 a6 8. Qd2
Bb4 9. a3 Be7 10. Nxc6 bxc6 11. g4 d5 12. g5 Nd7 13. O-O-O Rb8 14. Na4 Qb7 15.
Qc3 e5 16. Qd3 d4 17. Bd2 Nc5 0-1

[Event "MCech mladeze 2018 - HD14"]
[Site "Harrachov"]
[Date "2018.11.03"]
[Round "9"]
[White "Matejicek, Vojtech"]
[Black "Juchelka, Marek"]
[Result "1-0"]
[WhiteElo "1588"]
[BlackElo "1453"]
[EventDate "2018.10.27"]
[PlyCount "47"]

1. e4 c5 2. Nf3 d6 3. d4 cxd4 4. Nxd4 g6 5. Nc3 Bg7 6. Be3 Nf6 7. Bc4 O-O 8. f3
a6 9. Qd2 Bd7 10. g4 b5 11. Bb3 Nc6 12. O-O-O Rb8 13. h4 Nxd4 14. Bxd4 a5 15.
e5 Ne8 16. h5 dxe5 17. Be3 Rb7 18. hxg6 hxg6 19. Bh6 e6 20. Bxg7 Nxg7 21. Qh6
f6 22. Bxe6+ Bxe6 23. Rxd8 Rxd8 24. Qh8+ 1-0

[Event "MCech mladeze 2018 - HD14"]
[Site "Harrachov"]
[Date "2018.11.03"]
[Round "9"]
[White "Stocek, Martin"]
[Black "Nagyova, Daniela"]
[Result "1-0"]
[WhiteElo "1575"]
[BlackElo "1443"]
[PlyCount "101"]
[EventDate "2018.10.27"]

1. d4 Nf6 2. c4 e5 3. dxe5 Ng4 4. Bf4 Nc6 5. Nf3 Bb4+ 6. Nc3 Bxc3+ 7. bxc3 Qe7
8. Qd5 O-O 9. h3 Nh6 10. Qd2 Nf5 11. g4 Nh6 12. Bg2 f5 13. Bxh6 fxg4 14. Bg5
Qe6 15. hxg4 Qxg4 16. O-O-O Qxc4 17. Qd5+ Qxd5 18. Rxd5 b6 19. Rd2 Ba6 20. e3
Bb7 21. Nd4 Rfe8 22. Nxc6 Bxc6 23. Bxc6 dxc6 24. f4 h6 25. Bh4 a5 26. Rhd1 g5
27. fxg5 hxg5 28. Bxg5 Rxe5 29. Rd8+ Rxd8 30. Rxd8+ Kf7 31. Bf4 Rc5 32. Kb2 a4
33. Bxc7 b5 34. Bb6 Rc4 35. Rd4 Rxd4 36. Bxd4 Ke6 37. Kc2 Kd5 38. Kd3 c5 39.
Bg7 c4+ 40. Kd2 Ke4 41. Ke2 Kd5 42. a3 Ke4 43. Bf8 Kd5 44. Kf3 Ke5 45. Bb4 Kf5
46. e4+ Ke5 47. Ke3 Ke6 48. Kd4 Kd7 49. Kd5 Ke8 50. Ke6 Kd8 51. Kf7 1-0

[Event "MCech mladeze 2018 - HD14"]
[Site "Harrachov"]
[Date "2018.11.03"]
[Round "9"]
[White "Kulhanek, Jachym"]
[Black "Sulcova, Tereza Radmila"]
[Result "1-0"]
[WhiteElo "1553"]
[BlackElo "1220"]
[PlyCount "77"]
[EventDate "2018.10.27"]

1. f4 d5 2. b3 Nf6 3. Nf3 g6 4. Bb2 Bg7 5. e3 Bg4 6. Bd3 Nc6 7. h3 Bd7 8. a3 e6
9. O-O O-O 10. g4 Re8 11. Ne5 Ne4 12. Qf3 f5 13. Bxe4 dxe4 14. Qe2 Qe7 15. d4
Nd8 16. g5 Nf7 17. c4 c5 18. Nxd7 Qxd7 19. dxc5 Rac8 20. Bxg7 Kxg7 21. Rd1 Qc7
22. b4 e5 23. Qh2 Red8 24. Nc3 exf4 25. exf4 Rxd1+ 26. Rxd1 Rd8 27. Nd5 Qc6 28.
Qb2+ Kf8 29. Kf2 Qe6 30. Ke3 Rc8 31. Qf6 Qd7 32. Nc3 Qe8 33. Nb5 Kg8 34. Nd6
Nxd6 35. Qxd6 Qa4 36. Qe6+ Kg7 37. Rd7+ Kh8 38. Qf6+ Kg8 39. Qg7# 1-0

[Event "MCech mladeze 2018 - HD14"]
[Site "Harrachov"]
[Date "2018.11.03"]
[Round "9"]
[White "Rousek, Jan"]
[Black "Zemanova, Nikola"]
[Result "1-0"]
[WhiteElo "1525"]
[BlackElo "1348"]
[PlyCount "77"]
[EventDate "2018.10.27"]

1. d4 d5 2. Nf3 Bg4 3. Ne5 Bd7 4. Nxd7 Nxd7 5. g3 e6 6. Bg2 c5 7. O-O Ngf6 8.
c4 Nb6 9. cxd5 Nbxd5 10. e4 Nb4 11. a3 Nc6 12. d5 Nd4 13. dxe6 Nxe6 14. e5 Nd7
15. Re1 Rb8 16. Nc3 g6 17. Nb5 Qb6 18. Nd6+ Bxd6 19. Qxd6 Qxd6 20. exd6 O-O 21.
Bh3 Nd4 22. Bxd7 Nf3+ 23. Kf1 Nxe1 24. Kxe1 Rbd8 25. Bg4 Rxd6 26. Bf4 Re8+ 27.
Kf1 Rd3 28. Re1 Rxe1+ 29. Kxe1 Rb3 30. Be5 Rb6 31. Kd2 f5 32. Bf3 Kf8 33. Bd5
Ke7 34. Kc3 a6 35. Kc4 Rb5 36. b3 Kd7 37. a4 Ra5 38. Bxb7 Ke6 39. Bc3 1-0

[Event "MCech mladeze 2018 - HD14"]
[Site "Harrachov"]
[Date "2018.11.03"]
[Round "9"]
[White "Ocenasek, Jan"]
[Black "Kotal, Vit"]
[Result "0-1"]
[WhiteElo "1391"]
[BlackElo "1514"]
[EventDate "2018.10.27"]
[PlyCount "128"]

1. d4 Nf6 2. Bf4 c5 3. e3 d6 4. c3 Nbd7 5. Nf3 g6 6. Nbd2 Bg7 7. Bc4 a6 8. a4
Nb6 9. Bd3 O-O 10. h3 Nbd5 11. Bh2 Bd7 12. e4 Nc7 13. O-O Qc8 14. Re1 Ne6 15.
Nc4 Qd8 16. d5 Nc7 17. Nb6 Rb8 18. Nxd7 Qxd7 19. c4 b5 20. axb5 axb5 21. cxb5
Nxb5 22. Qa4 Rb7 23. Rec1 Rfb8 24. Rcb1 Nc7 25. Qc2 Nfe8 26. Ra2 Nf6 27. Nd2
Rb4 28. Bf4 Nfxd5 29. exd5 Rxf4 30. Bc4 Rf5 31. Qd3 Bd4 32. Nf3 Bg7 33. b3 Nb5
34. Rc1 Nd4 35. Nxd4 Bxd4 36. Re1 Qb7 37. Ree2 Ra8 38. g3 Rxa2 39. Rxa2 Qb4 40.
Kg2 Qe1 41. Qe2 Rxf2+ 42. Qxf2 Bxf2 43. Rxf2 Qe4+ 44. Kg1 Kf8 45. Re2 Qf3 46.
Kh2 h5 47. h4 f5 48. Re6 Kf7 49. Re2 f4 50. Rg2 fxg3+ 51. Rxg3 Qf4 52. Kh3 Kf6
53. Bd3 g5 54. Rxg5 Qf3+ 55. Rg3 Qxd5 56. Bc4 Qf5+ 57. Kg2 Qe4+ 58. Rf3+ Ke5
59. Bd3 Qg4+ 60. Rg3 Qxh4 61. Rh3 Qg5+ 62. Rg3 Qf4 63. Rh3 Kd4 64. Be2 h4 0-1